| 000 | 00489nam a2200181Ia 4500 | ||
|---|---|---|---|
| 008 | 180207s9999 xx 000 0 und d | ||
| 020 | _a9781586681532 | ||
| 050 | _bW928 1995 | ||
| 100 | _aWormser, Deborah | ||
| 245 | _aHippity hop, it's Barney & baby bop! / | ||
| 245 | _cby Deborah Wormser ; illustrated by June Valentine-Ruppe. | ||
| 260 | _aNew York : | ||
| 260 | _bScholastic, | ||
| 260 | _c1995 | ||
| 300 | _aunpaged : | ||
| 300 | _bcolor illustration ; | ||
| 300 | _c18cm. | ||
| 999 |
_c355686 _d355686 |
||